| 000 | 02901njm a2200505Ia 4500 | ||
|---|---|---|---|
| 001 | 20911 | ||
| 003 | IT-RoPAU | ||
| 005 | 20220918181118.0 | ||
| 008 | 131025s9999 xx 000 0 und d | ||
| 040 | _aIT-RoPAU | ||
| 040 | _cIT-RoPAU | ||
| 041 | _aITALIANO | ||
| 999 |
_c99578 _d99578 |
||
| 999 | _bn.d. | ||
| 100 |
_aAA.VV. _9794 |
||
| 100 |
_eAutore musica _94165 |
||
| 100 |
_gCodice autore musica SPICS: 12000 _9796 |
||
| 245 | _aFrutta e verdura (Lp Pld L 5069) | ||
| 250 | _a1a ed. | ||
| 260 | _aLUGANO | ||
| 260 |
_bPDU _c1973 [1a Ed.:1973 - Ed. Lingua Orig.: 1973] |
||
| 300 | _aDISCO | ||
| 300 | _c42 minuti (Testo: pag.) | ||
| 500 | _aMusica leggera italiana | ||
| 505 | _aFa qualcosa (4:00) - Non tornare più (5:00) - Devo tornare a casa mia (4:00) - Domenica sera (4:00) - La vigilia di Natale (4:00) - Questo si, questo no (5:00) - E poi... (5:00) - Dichiarazione d'amore (3:00) - La pioggia di marzo (4:00) - Tentiamo ancora (4:00) | ||
| 511 | _aMina (Mazzini A.M.) | ||
| 511 | _aOrchestra Pino Presti | ||
| 511 | _aOrchestra Natale Massara | ||
| 650 |
_aCANZONE [DISCHI] _eCodice MATERIA SPICS: 9950 _9920 |
||
| 700 |
_aMalgoni M. _gCodice autore musica SPICS: 14072 _eAutore musica _pFa qualcosa _94167 |
||
| 700 |
_aTesta Arturo _gCodice autore testo/musica SPICS: 13685 _eAutore testo/musica _pFa qualcosa _94169 |
||
| 700 |
_aBaldan Bembo Dario _gCodice autore musica SPICS: 9846 _eAutore musica _pNon tornare più _94171 |
||
| 700 |
_aCalifano Franco _gCodice autore testo/musica SPICS: 16101 _eAutore testo/musica _pNon tornare più _94172 |
||
| 700 |
_aClausetti L. _gCodice autore testo/musica SPICS: 14220 _eAutore testo/musica _pDevo tornare a casa mia _94173 |
||
| 700 |
_aCastellari Camillo & Corrado _gCodice autore musica SPICS: 16011 _eAutore musica _pDomenica sera _94174 |
||
| 700 |
_aScandolara Sandro _gCodice autore testo/musica SPICS: 1541 _eAutore testo/musica _pDomenica sera _94175 |
||
| 700 |
_aShapiro S. _gCodice autore musica SPICS: 20268 _eAutore musica _pLa vigilia di Natale - E poi... _94176 |
||
| 700 |
_aLo Vecchio A. _gCodice autore testo/musica SPICS: 18919 _eAutore testo/musica _pLa vigilia di Natale - E poi... - Tentiamo ancora _94177 |
||
| 700 |
_aDonaggio Pino _gCodice autore musica SPICS: 13658 _eAutore musica _pQuesto si, questo no _94178 |
||
| 700 |
_aCalabrese Giorgio _gCodice autore testo/musica SPICS: 1368 _eAutore testo/musica _pQuesto si, questo no - La pioggia di marzo _94179 |
||
| 700 |
_aAnelli Angelo _gCodice autore musica SPICS: 16874 _eAutore musica _pDichiarazione d'amore _94180 |
||
| 700 |
_aPallavicini Vito _gCodice autore testo/musica SPICS: 13656 _eAutore testo/musica _pDichiarazione d'amore _94181 |
||
| 700 |
_aJobim Antonio Carlos _gCodice autore testo/musica SPICS: 21135 _eAutore testo/musica _pLa pioggia di marzo _94182 |
||
| 700 |
_aPresti P. _gCodice autore musica SPICS: 24523 _eAutore musica _pTentiamo ancora _94183 |
||
| 942 |
_cMD _2ddc |
||